00486 2200181 4500001002100000005001500021035001900036245006000055100002700115300002400142700000800166260006300174082000700237084001300244020002100257990001300278990001300291INLIS00000000000001220200911092711$a 0010-0920000012$a Komik Next G: Ayahku Idolaku /$c Khairani Farras Hafizah$a Khairani Farras Hafizah$a 100 hlm. ; $c 21 cm.$a Desi$a Bandung :$b Muffin Graphics (PT Cerita Anak Bangsa),$c 2020$a 813$a 813 KHA k$a 978-602-367-804-4$a 0017/2020$a 0016/2020